The deep end of the ocean / (Record no. 396)

MARC details
000 -LEADER
fixed length control field 00495nam a2200181 4500
001 - CONTROL NUMBER
control field 522
003 - CONTROL NUMBER IDENTIFIER
control field OCoLC
005 - DATE AND TIME OF LATEST TRANSACTION
control field 20181127161602.0
008 - FIXED-LENGTH DATA ELEMENTS--GENERAL INFORMATION
fixed length control field 990107r19991997nyu 000 1 eng d
020 ## - INTERNATIONAL STANDARD BOOK NUMBER
International Standard Book Number 0451197747 (pbk.)
043 ## - GEOGRAPHIC AREA CODE
Geographic area code n-us-il
100 1# - MAIN ENTRY--PERSONAL NAME
Personal name Mitchard, Jacquelyn.
245 14 - TITLE STATEMENT
Title The deep end of the ocean /
Statement of responsibility, etc. Jacquelyn Mitchard.
260 ## - PUBLICATION, DISTRIBUTION, ETC.
Place of publication, distribution, etc. New York :
Name of publisher, distributor, etc. Signet,
Date of publication, distribution, etc. 1999, c1996.
300 ## - PHYSICAL DESCRIPTION
Extent 447 p. ;
Dimensions 18 cm.
650 #0 - SUBJECT ADDED ENTRY--TOPICAL TERM
Topical term or geographic name entry element Missing children
Form subdivision Fiction.
651 #0 - SUBJECT ADDED ENTRY--GEOGRAPHIC NAME
Geographic name Chicago (Ill.)
Form subdivision Fiction.
Holdings
Withdrawn status Lost status Source of classification or shelving scheme Damaged status Not for loan Collection code Home library Current library Shelving location Date acquired Serial Enumeration / chronology Inventory number Total Checkouts Full call number Barcode Date last seen Date last checked out Price effective from Koha item type
    Dewey Decimal Classification     Fiction RTC Library RTC Library Fiction 07/04/2022 1549 1 FIC 813.54 MIT 30000946 03/01/2022 11/03/2019 27/11/2018 Fiction
Royal Thimphu College || All Right Reserved